| 000 | 00918cam a22002775a 4500 | ||
|---|---|---|---|
| 001 | 016383324 | ||
| 003 | OSt | ||
| 005 | 20151102145907.0 | ||
| 008 | 130617s2013 enka b 001|0 eng|d | ||
| 020 | _a9780857111050 (pbk.) | ||
| 040 |
_aStDuBDS _beng _cStDuBDS _dUk _dEG-ScBUE |
||
| 082 | 0 | 4 |
_a615.19 _222 _bREM |
| 245 | 0 | 0 |
_aRemington : _bessentials of pharmaceutics / _cedited by Linda A. Felton. |
| 250 | _a1st ed. | ||
| 260 |
_aLondon : _bPhiladelphia College of Pharmacy / Pharmaceutical Press, _c2013. |
||
| 300 |
_ax, 772 p. : _bill. ; _c28 cm. |
||
| 500 | _aIndex : p. 763-772. | ||
| 504 | _aIncludes bibliographical references. | ||
| 650 | 7 |
_aPharmaceutical chemistry. _2BUEsh _930027 |
|
| 650 | 7 |
_aPharmacology. _912590 _2BUEsh |
|
| 651 | _2BUEsh | ||
| 653 |
_bPPhrm _cJune2015 _cNovember2015 |
||
| 700 | 1 |
_aFelton, Linda A., _eeditor. |
|
| 710 | 2 |
_aPhiladelphia College of Pharmacy. _936709 |
|
| 942 | _2ddc | ||
| 999 |
_c19984 _d19956 |
||